000 00264nam a22001217a 4500
008 181206b xxu||||| |||| 00| 0 eng d
041 _aeng
080 _24 th
_a821
100 _a23
101 _agju
245 _aAn Inde to english
_cKarl.w.d
942 _2udc
_cBK
999 _c52953
_d52953